00509nam a2200181Ia 450000500170000000800410001702000230005804000190008104100120010008200130011224500700012526000450019530000150024065000190025565100200027470000230029485000100031720230114113822.0131103s9999 xx 000 0 und d a019569192XcRs.345 aLoreto College aEnglish a954bBAS 4aThe Illustrated cultural history of Indiacedited by A. L. Basham aNew DelhibOxford University Pressc2007 aviii,300p  aIndian History aHistory - India aBasham, A. L., ed. aLCLIB